| 000 | 02007nam2a2200325 4500 | ||
|---|---|---|---|
| 001 | RU\NLR\bibl\1327172 | ||
| 005 | 20260405174850.0 | ||
| 010 |
_a978-5-87049-611-5 _9300 |
||
| 021 |
_aRU _b2008-100237 _95894 |
||
| 035 | _a(nilc)RSL-KNO-004165805 | ||
| 035 | _a(NLR Aleph) 001312442 | ||
| 090 |
_a688078 _c688078 |
||
| 100 | _a20081222d2008 |||y0rusy50 ca | ||
| 101 | 0 | _arus | |
| 102 | _aRU | ||
| 105 | _aa ||||||||| | ||
| 200 | 1 |
_aНе забыть черемухи сережки _e[стихи _fхудож. Сергей Коровкин] |
|
| 210 |
_aп. Суховерково _c[б.и.] _aТверь _cТверская областная типография _d2008 |
||
| 215 |
_a95 с. _cил., портр. |
||
| 327 | 1 | _aСодерж.: циклы: Не забыть черемухи сережки; Время, жизнь, любовь; Настроение с природой созвучно; От сердца к сердцу; Эх, Россия, родина моя; Личное, но не лишнее; Елки, палки, соловьи и галки; | |
| 461 | 0 |
_1001RU\NLR\bibl\1327016 _12001#$aСудьбы людские$v[Кн. 6] _9687181 _aПеплов, В. _cТверь _d2008 _fВалентин Пеплов _nТверская областная типография _tСудьбы людские _v[Кн. 6] |
|
| 610 | 0 | _aФилологические науки. Художественная литература -- Российская Федерация -- Русская литература -- с сер. 50-х гг. 20 в. -- Произведения художественной литературы -- Поэзия -- Сборники одного автора | |
| 686 |
_aШ5(2=Р)75-65я44 _2rubbk |
||
| 702 | 1 |
_4040 _7ca _8rus _aКоровкин _bС. _cхудожник _f1968- _gСергей _958953 _3RU\NLR\auth\7776025 |
|
| 801 | 0 |
_aRU _bРКП _c20081222 |
|
| 801 | 1 |
_aRU _bРГБ _c20081222 |
|
| 801 | 2 |
_aRU _bNLR _c20090623 _grcr |
|
| 942 | _cBOOK | ||
| 980 | _aNB | ||